000 00596nam a22002297a 4500
003 UA-OsUOA
001 87678
007 ta
008 20120921b un ||||| |||| 00| 0 ukr d
100 _aБедзик Д.
090 _a821.161.2
_bБ38
942 _cBK
040 _aUA-OsUOA
_bukr
_cUA-OsUOA
_dUA-OsUOA
245 _aУкрадені гори
_bтетралогія
300 _a670 с.
955 _a3
041 _aukr
080 _a821.161.2
260 _aК.
_bДніпро
_c1989
650 7 _a82 Література. Літературознавство
_2UDC
999 _c373689
_d373689